000 006980000a22001210004500
100 1 _aDe souza, Mario.
245 1 0 _aA relaçâo entre liturgia e homilética.
300 _ano.27 (dic., 2008), p.3-6
520 _aEn el artículo "una relación entre liturgia y homilética", el autor ofrece una visión histórica general de relación entre éstas dos áreas. Como sólida base teórica, el artículo nos ayuda a percibir lo específico de cada una de las partes y como éstas se relacionan, y cuales aspectos deberiamos tener presentes hoy en día, a fin de que el culto como un todo comunique eficazmente su mensaje.
650 1 4 _aORATORIA SAGRADA (Homilética)
773 0 _tTEAR
942 _cANA
999 _c63090
_d63090